The merck veterinary manual

Tallennettuna:
Bibliografiset tiedot
Aineistotyyppi: Kirja
Kieli:Undetermined
Julkaistu: Rahway Merck and Co 1979
Aiheet:
Tagit: Lisää tagi
Ei tageja, Lisää ensimmäinen tagi!
Thư viện lưu trữ: Trung tâm Học liệu Trường Đại học Cần Thơ
LEADER 00413nam a2200157Ia 4500
001 CTU_126091
008 210402s9999 xx 000 0 und d
082 |a 636.089 
082 |b M553/1979 
245 4 |a The merck veterinary manual 
260 |a Rahway 
260 |b Merck and Co 
260 |c 1979 
650 |a Veterinary Medicine 
904 |i Nguyên 
980 |a Trung tâm Học liệu Trường Đại học Cần Thơ